000 00632nam a2200217 u 4500
005 20240924071306.0
008 150302s1996 r 000 0 eng d
020 _a8426158374
035 _aUPN01000202200
049 _aI
050 4 _aPZ76.3
_bT7.4 1996
245 0 4 _aLos tres osos y bucles de oro /
_cil. de Gloria Carasusan.
250 _a5a ed.
260 _aBarcelona, Esp. :
_bJuventud,
_c1996.
300 _a[27] p. :
_bprincipalmente il. col.
440 0 _aCuadrada
650 4 _aLibros y lectura para niƱos
_92290
650 4 _aLiteratura infantil
_94445
700 1 _aCarasusan, Gloria,
_eil.
905 _aInfantil
999 _c174301
_d174301